Rodzaje olejów roślinnych - Statystyki

Ogólne statystyki
  • Ten quiz został rozwiązany 42 razy
  • Średni wynik to 6 z 15
Statystyki odpowiedzi
Olej % Poprawnych
Olej rzepakowy
97%
Olej słonecznikowy
85%
Olej lniany
76%
Olej kokosowy
64%
Oliwa z oliwek
58%
Olej palmowy
55%
Olej z pestek winogron
48%
Olej z orzecha włoskiego
30%
Olej sezamowy
27%
Olej z pestek dyni
27%
Olej sojowy
24%
Olej konopny
21%
Olej ryżowy
18%
Olej rokitnikowy
6%
Olej kukurydziany
3%
Nie znaleziono quizów pasujących do podanych kryteriów
Rozkład punktacji
Procent ludzi z każdym wynikiem
Percentyl według liczby udzielonych odpowiedzi
Twoja historia wyników
Nie rozwiązałeś tego quizu